Chronic inflammation in conditions associated with a deficient clearance of dying and dead cells, their remnants, and intracellular constituents (Record no. 19953)
[ view plain ]
| 000 -LEADER | |
|---|---|
| fixed length control field | 00729nam a2200133Ia 4500 |
| 008 - FIXED-LENGTH DATA ELEMENTS--GENERAL INFORMATION | |
| fixed length control field | 220616s9999||||xx |||||||||||||| ||und|| |
| 022 ## - INTERNATIONAL STANDARD SERIAL NUMBER | |
| International Standard Serial Number | 16648714 |
| 100 ## - MAIN ENTRY--PERSONAL NAME | |
| Personal name | Martin Herrmann||Christian Berens||Luis Enrique Munoz||Kirsten Lauber||Udo S. Gaipl |
| 245 #0 - TITLE STATEMENT | |
| Title | Chronic inflammation in conditions associated with a deficient clearance of dying and dead cells, their remnants, and intracellular constituents |
| 546 ## - LANGUAGE NOTE | |
| Language note | English[eng] |
| 650 ## - SUBJECT ADDED ENTRY--TOPICAL TERM | |
| Topical term or geographic name entry element | Autoimmunity||NETs||Efferocytosis||Inflammation||cell-remnants||Phagocytosis||Apoptosis||Cancer||Asthma |
| 856 ## - ELECTRONIC LOCATION AND ACCESS | |
| Uniform Resource Identifier | <a href="http://journal.frontiersin.org/researchtopic/2209/chronic-inflammation-in-conditions-associated-with-a-deficient-clearance-of-dying-and-dead-cells-the">http://journal.frontiersin.org/researchtopic/2209/chronic-inflammation-in-conditions-associated-with-a-deficient-clearance-of-dying-and-dead-cells-the</a> |
| 942 ## - ADDED ENTRY ELEMENTS (KOHA) | |
| Koha item type | E-Books |
| Withdrawn status | Lost status | Damaged status | Not for loan | Home library | Current library | Date acquired | Total Checkouts | Date last seen | Price effective from | Koha item type |
|---|---|---|---|---|---|---|---|---|---|---|
| Kerala University of Digital Sciences, Innovation and Technology Knowledge Centre | Kerala University of Digital Sciences, Innovation and Technology Knowledge Centre | 16/06/2022 | 16/06/2022 | 16/06/2022 | E-Books |